| 000 | 00634nam a22002417a 4500 | ||
|---|---|---|---|
| 003 | UA-OsUOA | ||
| 001 | 44764 | ||
| 007 | ta | ||
| 008 | 20070313b un ||||| |||| 00| 0 ukr d | ||
| 090 |
_a004 _bД-11 |
||
| 942 | _cMG | ||
| 040 |
_aUA-OsUOA _brus _cUA-OsUOA _dUA-OsUOA |
||
| 245 |
_aДомашний ПК _cГлав. ред. Данилов О. |
||
| 300 | _a145 с. | ||
| 955 | _a1 | ||
| 041 | _arus | ||
| 080 | _a004 | ||
| 260 |
_aК. _bИздательский Дом "ІТС" |
||
| 044 | _aUA | ||
| 962 | _a1998 | ||
| 099 | _a22615 | ||
| 650 | 7 |
_a00 Загальні питання науки і культури _2UDC |
|
| 999 |
_c330874 _d330874 |
||